Pendidikan di Malaysia : Cabaran untuk masa depan
| Main Author: | |
|---|---|
| Format: | Book |
| Published: |
Kuala Lumpur :
Fajar Bakti Sdn.Bhd. ,
1994
|
| Subjects: |
MARC
| LEADER | 00000cam a2200000 7i4500 | ||
|---|---|---|---|
| 001 | 0000003694 | ||
| 002 | 000003978 | ||
| 005 | 20000330.0 | ||
| 020 | |a 9676527394 | ||
| 090 | 0 | 0 | |a 370.09595 |b ROB |
| 100 | 0 | |a Robiah Sidin | |
| 245 | 1 | 0 | |a Pendidikan di Malaysia : |b Cabaran untuk masa depan |c Robiah Sidin |
| 260 | |a Kuala Lumpur : |b Fajar Bakti Sdn.Bhd. , |c 1994 | ||
| 300 | |a 184p. ; |c 21cm. | ||
| 650 | 0 | 0 | |a Education |z Malaysia |
| 999 | |a 037145 |b BUKU |c MALAYSIANA |e PERPUSTAKAAN KOMUNITI PETALING JAYA | ||